00858 2200265 4500001002100000005001700021008004100038035002400079082001500103090002300118245013300141260008400274300002900358500002600387650003800413700001900451700002700470700001500497850002100512980001400533985000600547986000900553999001500562999001500577YOGYA-0209000004318020090227025933.0 ind  0010-020900000043180 a728.095988 a728.095988bArslT aARSITEKTUR tradisional Daerah Irian Jayacpeneliti/penulis, August Kafiar ... [et al] ; editor, I.G. N. Arinton Pudja, Rifai Abu aJakartabDepdikbud Proyek Inventarisasi dan Dokumentasi Kebudayaan Daerahc1986 avii, 86 hlmbilusc23 cm aBibliografi : hlm. 86 aArsietktur Perumahan - Irian Jaya aKafiar, August a6apuja, I.G.N. Arinton aAbu, Rifai aYOPDYOG [TRM 29] a29-8-2007 a2 aRuni a07A0025887 a07A0025888